Finančno-ekonomická analýza podniku
Guardado en:
| Autor principal: | |
|---|---|
| Autor Corporativo: | |
| Otros Autores: | , , , , , |
| Formato: | Libro |
| Lenguaje: | eslovaco |
| Publicado: |
Bratislava
Sprint dva
2010
|
| Edición: | 7. preprac. a rozšír. vyd. |
| Colección: | Economics
|
| Materias: | |
| Etiquetas: |
Sin Etiquetas, Sea el primero en etiquetar este registro!
|
MARC
| LEADER | 00000nam$a2200000$$$4500 | ||
|---|---|---|---|
| 001 | 0111179 | ||
| 005 | 20240502072229.4 | ||
| 020 | |a 978-80-89393-15-2 | ||
| 041 | 0 | |a slo | |
| 044 | |a SK | ||
| 245 | 1 | 0 | |a Finančno-ekonomická analýza podniku |c Karol Zalai a kolektív |
| 250 | |a 7. preprac. a rozšír. vyd. | ||
| 264 | 1 | |a Bratislava |b Sprint dva |c 2010 | |
| 300 | |a 427 s. [26,94 AH] |e CD-ROM | ||
| 490 | 1 | |a Economics | |
| 830 | 0 | |a Economics | |
| 610 | 2 | 0 | |a analýza finančná |
| 610 | 2 | 0 | |a analýza ekonomická |
| 610 | 2 | 0 | |a podnik |
| 610 | 2 | 0 | |a situácia finančná podniku |
| 610 | 2 | 0 | |a prognózovanie |
| 100 | 1 | |a Zalai, Karol | |
| 700 | 1 | |a Dávid, Arnold | |
| 700 | 1 | |a Šnircová, Jana, 1971- | |
| 700 | 1 | |a Moravčíková, Elena, 1967- | |
| 700 | 1 | |a Hurtošová, Jana | |
| 700 | 1 | |a Šlosárová, Anna | |
| 700 | 1 | |a Marková, Jana | |
| 710 | 2 | |a Fakulta podnikového manažmentu EU. Katedra podnikových financií | |